| 000 -LEADER |
| fixed length control field |
01211cam a2200301 i 4500 |
| 003 - CONTROL NUMBER IDENTIFIER |
| control field |
OSt |
| 005 - DATE AND TIME OF LATEST TRANSACTION |
| control field |
20200316163020.0 |
| 008 - FIXED-LENGTH DATA ELEMENTS--GENERAL INFORMATION |
| fixed length control field |
181206s2018 ii ab 000 0 eng d |
| 020 ## - INTERNATIONAL STANDARD BOOK NUMBER |
| International Standard Book Number |
9789386552921 |
| Qualifying information |
(hardback) |
| 040 ## - CATALOGING SOURCE |
| Original cataloging agency |
DKAGE |
| Language of cataloging |
eng |
| Description conventions |
rda |
| Transcribing agency |
DKAGE |
| Modifying agency |
OCLCF |
| -- |
OCLCO |
| -- |
DLC |
| 082 04 - DEWEY DECIMAL CLASSIFICATION NUMBER |
| Classification number |
954.0041 |
| Edition number |
23 |
| Item number |
STE |
| 100 1# - MAIN ENTRY--PERSONAL NAME |
| Personal name |
Stephen, S. Jeyaseela, |
| Relator term |
author. |
| 245 10 - TITLE STATEMENT |
| Title |
Pondicherry under the French : |
| Remainder of title |
illuminating the urban landscape, 1674-1793 / |
| Statement of responsibility, etc |
S. Jeyaseela Stephen. |
| 300 ## - PHYSICAL DESCRIPTION |
| Extent |
xxvii, 662 pages : |
| Other physical details |
illustrations (black and white), maps (black and white) ; |
| Dimensions |
24 cm |
| 648 #7 - SUBJECT ADDED ENTRY--CHRONOLOGICAL TERM |
| Chronological term |
1600-1799 |
| Source of heading or term |
fast |
| 650 #0 - SUBJECT ADDED ENTRY--TOPICAL TERM |
| Topical term or geographic name as entry element |
Urban landscape architecture |
| Geographic subdivision |
India |
| -- |
Puducherry |
| General subdivision |
History |
| Chronological subdivision |
17th century. |
| 650 #0 - SUBJECT ADDED ENTRY--TOPICAL TERM |
| Topical term or geographic name as entry element |
Urban landscape architecture |
| Geographic subdivision |
India |
| -- |
Puducherry |
| General subdivision |
History |
| Chronological subdivision |
18th century. |
| 650 #7 - SUBJECT ADDED ENTRY--TOPICAL TERM |
| Topical term or geographic name as entry element |
Commerce. |
| Source of heading or term |
fast |
| 650 #7 - SUBJECT ADDED ENTRY--TOPICAL TERM |
| Topical term or geographic name as entry element |
French. |
| Source of heading or term |
fast |
| 650 #7 - SUBJECT ADDED ENTRY--TOPICAL TERM |
| Topical term or geographic name as entry element |
Urban landscape architecture. |
| Source of heading or term |
fast |
| 651 #0 - SUBJECT ADDED ENTRY--GEOGRAPHIC NAME |
| Geographic name |
French |
| Geographic subdivision |
India |
| General subdivision |
History |
| Chronological subdivision |
17th century. |
| 651 #0 - SUBJECT ADDED ENTRY--GEOGRAPHIC NAME |
| Geographic name |
French |
| Geographic subdivision |
India |
| General subdivision |
History |
| Chronological subdivision |
18th century. |
| 651 #0 - SUBJECT ADDED ENTRY--GEOGRAPHIC NAME |
| Geographic name |
Puducherry (India) |
| General subdivision |
Commerce |
| -- |
History |
| Chronological subdivision |
17th century. |
| 651 #0 - SUBJECT ADDED ENTRY--GEOGRAPHIC NAME |
| Geographic name |
Puducherry (India) |
| General subdivision |
Commerce |
| -- |
History |
| Chronological subdivision |
18th century. |
| 651 #7 - SUBJECT ADDED ENTRY--GEOGRAPHIC NAME |
| Geographic name |
India |
| Geographic subdivision |
Puducherry. |
| Source of heading or term |
fast |
| 655 #7 - INDEX TERM--GENRE/FORM |
| Genre/form data or focus term |
History. |
| Source of term |
fast |
| 942 ## - ADDED ENTRY ELEMENTS (KOHA) |
| Source of classification or shelving scheme |
|